000
00243nam a2200097Ia 4500
001
1206672
005
20251010101903.0
008
250824s9999 xx 000 0 und d
245
0
_a
ÇANTACI
_c
ALGAN SEZGİNTÜREDİ
260
_b
APRİL YAYINLARI
999
_c
1206672
_d
1206672